Digital signal processing demystified (Record no. 427)

MARC details
000 -LEADER
fixed length control field 00380nam a2200133Ia 4500
008 - FIXED-LENGTH DATA ELEMENTS--GENERAL INFORMATION
fixed length control field 130318s9999 xx 000 0 und d
020 ## - INTERNATIONAL STANDARD BOOK NUMBER
International Standard Book Number 8187972041
082 ## - DEWEY DECIMAL CLASSIFICATION NUMBER
Classification number 621.3822 BRO/D
100 ## - MAIN ENTRY--PERSONAL NAME
Personal name Broesch, James D
245 ## - TITLE STATEMENT
Title Digital signal processing demystified
260 ## - PUBLICATION, DISTRIBUTION, ETC.
Name of publisher, distributor, etc. Penram International Publishing
Place of publication, distribution, etc. Mumbai
Date of publication, distribution, etc. 1997
300 ## - PHYSICAL DESCRIPTION
Extent 203
Accompanying material 1 CD
650 ## - SUBJECT ADDED ENTRY--TOPICAL TERM
Topical term or geographic name entry element DIGITAL SIGNAL PROCESSING
Holdings
Withdrawn status Lost status Source of classification or shelving scheme Damaged status Not for loan Collection code Home library Current library Shelving location Date acquired Cost, normal purchase price Total Checkouts Full call number Barcode Date last seen Date last checked out Price effective from Koha item type
    Dewey Decimal Classification     Digital Signal Processing Kerala University of Digital Sciences, Innovation and Technology Knowledge Centre Kerala University of Digital Sciences, Innovation and Technology Knowledge Centre Applied Electronics 18/03/2013 212.00 4 621.382 2 BRO/D 430 15/09/2025 19/08/2025 18/03/2013 Books